Physical examination & health assessment / (Record no. 7851)
[ view plain ]
| 000 -LEADER | |
|---|---|
| fixed length control field | 01026nam a22002777a 4500 |
| 003 - CONTROL NUMBER IDENTIFIER | |
| control field | OSt |
| 005 - DATE AND TIME OF LATEST TRANSACTION | |
| control field | 20250522072640.0 |
| 008 - FIXED-LENGTH DATA ELEMENTS--GENERAL INFORMATION | |
| fixed length control field | 250404t2004 |||||||| |||| 00| 0 eng d |
| 020 ## - INTERNATIONAL STANDARD BOOK NUMBER | |
| International Standard Book Number | 981-2592-27-X |
| 040 ## - CATALOGING SOURCE | |
| Transcribing agency | JMCFI - Learning Resource Center |
| 082 ## - DEWEY DECIMAL CLASSIFICATION NUMBER | |
| Classification number | MAHL/Med. 616.07'54 J38 2004 |
| 100 ## - MAIN ENTRY--PERSONAL NAME | |
| Personal name | Jarvis, Carolyn |
| 9 (RLIN) | 3970 |
| 245 ## - TITLE STATEMENT | |
| Title | Physical examination & health assessment / |
| Statement of responsibility, etc. | Carolyn Jarvis, Pat Thomas and Kevin Strandberg. |
| 250 ## - EDITION STATEMENT | |
| Edition statement | Fourth edition. |
| 260 ## - PUBLICATION, DISTRIBUTION, ETC. | |
| Place of publication, distribution, etc. | Singapore : |
| Name of publisher, distributor, etc. | Elsevier, |
| Date of publication, distribution, etc. | 2004. |
| 300 ## - PHYSICAL DESCRIPTION | |
| Extent | xvii, 910 pages : |
| Other physical details | black and white, illus, ; |
| Dimensions | 26 cm |
| 504 ## - BIBLIOGRAPHY, ETC. NOTE | |
| Bibliography, etc. note | Includes bibliographical references. |
| 650 ## - SUBJECT ADDED ENTRY--TOPICAL TERM | |
| Topical term or geographic name entry element | Physical diagnosis. |
| 9 (RLIN) | 3971 |
| 650 ## - SUBJECT ADDED ENTRY--TOPICAL TERM | |
| Topical term or geographic name entry element | Nursing assessment. |
| 9 (RLIN) | 3972 |
| 650 ## - SUBJECT ADDED ENTRY--TOPICAL TERM | |
| Topical term or geographic name entry element | Physical examination |
| General subdivision | Methods. |
| 9 (RLIN) | 17978 |
| 650 ## - SUBJECT ADDED ENTRY--TOPICAL TERM | |
| Topical term or geographic name entry element | Medical history taking |
| General subdivision | Method. |
| 9 (RLIN) | 26834 |
| 650 ## - SUBJECT ADDED ENTRY--TOPICAL TERM | |
| Topical term or geographic name entry element | Nursing assessment |
| General subdivision | Methods. |
| 9 (RLIN) | 19694 |
| 700 ## - ADDED ENTRY--PERSONAL NAME | |
| Personal name | Thomas, Pat |
| Relator term | illustrator |
| 9 (RLIN) | 26835 |
| 700 ## - ADDED ENTRY--PERSONAL NAME | |
| Personal name | Strandberg, Kevin |
| Relator term | Contributor |
| 9 (RLIN) | 26836 |
| 942 ## - ADDED ENTRY ELEMENTS (KOHA) | |
| Source of classification or shelving scheme | Library of Congress Classification |
| Koha item type | Books |
| Edition | Fourth edition |
| Suppress in OPAC | No |
| Withdrawn status | Lost status | Source of classification or shelving scheme | Damaged status | Not for loan | Home library | Current library | Shelving location | Date acquired | Total Checkouts | Full call number | Barcode | Date last seen | Price effective from | Koha item type |
|---|---|---|---|---|---|---|---|---|---|---|---|---|---|---|
| Dewey Decimal Classification | LRC - Medical and Allied Health | LRC - Medical and Allied Health | MAHL - Medicine | 02/03/2005 | MAHL/Med. 616.07'54 J38 2004 | MAHL00001779 | 04/04/2025 | 04/04/2025 | Books |